Divadlo je stránkou múz K päťdesiatinám scénického výtvarníka Otta Šujana

Bibliographic Details
Main Authors: Šujan, Otto, 1930-2017 (Author), Vašečková, Viera (Author)
Format: Article
Language:Slovak
Subjects:

MARC

LEADER 00000nab a2200000 a 4500
001 vtls000059830
003 SK-MaSNL
005 20260303030735.0
008 111103c1980 xo 0 slo
015 |a SNBRB19rr/mm-uuuuu 
035 |a CL0069930 
040 |a SNKBUCL  |b slo  |c SNKBUCL  |e AACR2 
041 0 |a slo 
044 |a xo  |c SK 
080 |a 792  |2 1981 
080 |a 75  |2 1981 
100 1 |a Šujan, Otto,  |d 1930-2017  |4 aut  |9 38534 
245 1 0 |a Divadlo je stránkou múz  |b K päťdesiatinám scénického výtvarníka Otta Šujana  |c Otto Šujan, Viera Vašečková 
600 1 7 |a Šujan, Otto,  |d 1930-2017  |2 snkbucl  |9 38534 
655 7 |a články z novín a časopisov  |2 snkbucl  |9 267496 
700 1 |a Vašečková, Viera  |4 aut  |9 1003306 
773 0 |t Slovensko  |g Roč. 4, č. 6 (1980), s. 11 
850 |a Slovenská národná knižnica v Martine  |a MTA001 
852 |a SNK  |b KIS3GCP 
958 |a RK 
992 |a RBX 
999 |c 1653949  |d 1655879